| Tag |
First Indicator |
Second Indicator |
Subfields |
| LEADER |
00000cam a2200000 a 4500 |
| 001 |
in00000991069 |
| 005 |
20150927180337.0 |
| 008 |
900605s1990 caua b 00110 eng d |
| 010 |
|
|
|a 89085008
|
| 020 |
|
|
|a 0879302208
|
| 035 |
|
|
|a (OCoLC)21707874
|
| 035 |
|
|
|9 AEY9655AM
|
| 040 |
|
|
|a VPI
|c VPI
|d TXA
|d UtOrBLW
|
| 049 |
|
|
|a TXAM
|
| 090 |
|
|
|a TS192
|b .B34 1990
|
| 100 |
1 |
|
|a Baldwin, Richard F.
|
| 245 |
1 |
0 |
|a Managing mill maintenance :
|b the emerging realities /
|c Richard F. Baldwin.
|
| 264 |
|
1 |
|a San Francisco :
|b Miller Freeman Publications,
|c [1990]
|
| 264 |
|
4 |
|c ©1990
|
| 300 |
|
|
|a xiv, 302 pages :
|b illustrations ;
|c 24 cm.
|
| 336 |
|
|
|a text
|b txt
|2 rdacontent
|
| 337 |
|
|
|a unmediated
|b n
|2 rdamedia
|
| 338 |
|
|
|a volume
|b nc
|2 rdacarrier
|
| 504 |
|
|
|a Includes bibliographical references and index.
|
| 650 |
|
0 |
|a Milling machinery
|x Maintenance and repair
|x Management.
|
| 650 |
|
0 |
|a Plant maintenance
|x Management.
|
| 650 |
|
0 |
|a Forest products industry
|x Management.
|
| 999 |
|
|
|a MARS
|
| 999 |
f |
f |
|s 66240196-d086-3682-b8b1-ddf1fc2254c5
|i e5529f37-4bb2-35f2-b5c7-fd62431c5867
|t 0
|
| 952 |
f |
f |
|p ric
|a Texas A&M University
|b Rellis Campus
|c Joint Library Facility
|d Remote Storage
|t 0
|e TS192 .B34 1990
|h Library of Congress classification
|i unmediated -- volume
|m A14816405003
|
| 998 |
f |
f |
|a TS192 .B34 1990
|t 0
|l Remote Storage
|